00834 a2200217 4500010001400000020002300014035001300037037001500050082001400065090001500079100001900094245012300113260005000236270005100286300002800337500005100365700001800416942002900434999001500463952013800478 aENG-85975 a0070621063c450.00 aEN-69508 bDBAD / PUB14a621.38456 c3953d39531 aNarang, Nishit1 a2G mobile networkcby Nishit Narang and Sumit KaserabGSM and HSCSD - architecture, protocols, procedures and services aNew DelhibTata Mc-Graw Hill Publishingc2007 a7, West Patel NagarbNew DelhicDelhie110 008 axxiv, 351p.c24cm (pbk) aIncludes bibliographical references and index aKasera, Sumit adplcENk621.38456 / NAR c3874d3874 00102ddc40718NFICaDBADbDBADeDBAD/PUBg450.00l0o621.38456 NARpEN-69508r2008-09-15 00:00:00t1u4117v450.00w2008-09-15yEN